书目信息 |
| 题名: |
概率统计及其应用
|
|
| 作者: | 欧贵兵 , 刘清国 主编 | |
| 分册: | ||
| 出版信息: | 北京 科学出版社 2007.01 |
|
| 页数: | 313页 | |
| 开本: | 24cm | |
| 丛书名: | ||
| 单 册: | ||
| 中图分类: | O21 | |
| 科图分类: | ||
| 主题词: | 概率论--gai lu lun--高等学校--教材 , 数理统计--shu li tong ji--高等学校--教材 | |
| 电子资源: | ||
| ISBN: | 978-7-03-018479-5 | |
| 000 | 00950nam0 2200265 450 | |
| 001 | 012007321067 | |
| 005 | 20071010104002.81 | |
| 010 | @a978-7-03-018479-5@dCNY29.00 | |
| 100 | @a20070414d2007 km y0chiy0120 ea | |
| 101 | 0 | @achi |
| 102 | @aCN@b110000 | |
| 105 | @ay a 000yy | |
| 200 | 1 | @a概率统计及其应用@Agai lu tong ji ji qi ying yong@f欧贵兵,刘清国主编@Fou gui bing,liu qing guo zhu bian |
| 210 | @a北京@c科学出版社@d2007.01 | |
| 215 | @a313页@d24cm | |
| 300 | @a21世纪大学教学精品教材 | |
| 320 | @a有书目 (第299页)。 | |
| 330 | @a本书内容包括:概率论的基本概念,随机变量及其分布,随机变量的数字特征,大数定律及中心极限定理,样本及抽样分布,参数估计,假设检验,方差分析等。 | |
| 606 | 0 | @a概率论@Agai lu lun@x高等学校@j教材 |
| 606 | 0 | @a数理统计@Ashu li tong ji@x高等学校@j教材 |
| 690 | @aO21@v4 | |
| 701 | 0 | @a欧贵兵@Aou gui bing@4主编 |
| 701 | 0 | @a刘清国@Aliu qing guo@4主编 |
| 801 | 0 | @aCN@c20071010 |
| 905 | @dO21@eQ220 | |
| 概率统计及其应用/欧贵兵,刘清国主编.-北京:科学出版社,2007.01 |
| 313页;24cm |
| 21世纪大学教学精品教材 |
| ISBN 978-7-03-018479-5:CNY29.00 |
| 本书内容包括:概率论的基本概念,随机变量及其分布,随机变量的数字特征,大数定律及中心极限定理,样本及抽样分布,参数估计,假设检验,方差分析等。 |
| ● |
| 相关链接 |
|
|
|
正题名:概率统计及其应用
索取号:O21/Q220
 
预约/预借
| 序号 | 登录号 | 条形码 | 馆藏地/架位号 | 状态 | 备注 |
| 1 | 243723 | 202437238 | 自科库401/401自科库 46排5列2层/ [索取号:O21/Q220] | 在馆 | |
| 2 | 243724 | 202437247 | 自科库401/401自科库 46排5列2层/ [索取号:O21/Q220] | 在馆 |